| 000 | 00562nam a2200169Ia 4500 | ||
|---|---|---|---|
| 008 | 130821s1970 enk gr eng | ||
| 040 |
_aCo-BoUCM _bspa |
||
| 041 | _aeng | ||
| 100 | 1 |
_aTwain, Mark _d1835-1910, Seud. de Samuel Langhorne Clamens |
|
| 245 | 1 | 4 |
_aThe adventures of Huckleberry Finn _cMark Twain |
| 260 |
_aLondres (Inglaterra) _bLongman _c1970 |
||
| 300 | _a128 páginas | ||
| 650 | 0 | 4 |
_aLiteratura estadounidense _918653 |
| 650 | 0 | 4 |
_aNovela estadounidense _920501 |
| 942 |
_cLIBRO _a18 _e1 _mT969ad _2DEWEY _h813 |
||
| 999 |
_c7403 _d7403 |
||